APRENDAMOS A ENTRELAZAR NÚMEROS (Registro nro. 68760)

Detalles MARC
000 -CABECERA
campo de control de longitud fija 00964nam a22003137a 4500
003 - IDENTIFICADOR DEL NÚMERO DE CONTROL
campo de control BPGM
005 - FECHA Y HORA DE LA ÚLTIMA TRANSACCIÓN
campo de control 20260704194139.0
008 - DATOS DE LONGITUD FIJA--INFORMACIÓN GENERAL
campo de control de longitud fija 260704m20152016mx a|||br|||| 00| 0 spa d
020 ## - NÚMERO INTERNACIONAL ESTÁNDAR DEL LIBRO
Número Internacional Estándar del Libro 978-1-78445-767-9
040 ## - FUENTE DE LA CATALOGACIÓN
Lengua de catalogación spa
041 ## - CÓDIGO DE LENGUA
Código de lengua del texto/banda sonora o título independiente spa
Código de lengua original eng
082 04 - NÚMERO DE LA CLASIFICACIÓN DECIMAL DEWEY
Número de edición 1a.
Número de clasificación I / 372.21 /
Número de documento/Ítem H566
100 ## - ENTRADA PRINCIPAL--NOMBRE DE PERSONA
9 (RLIN) HINTON, STEPH
245 ## - MENCIÓN DE TÍTULO
Título APRENDAMOS A ENTRELAZAR NÚMEROS
250 ## - MENCIÓN DE EDICIÓN
Mención de edición 1a.
Resto de la mención de edición 2016
260 ## - PUBLICACIÓN, DISTRIBUCIÓN, ETC.
Lugar de publicación, distribución, etc. México
Nombre del editor, distribuidor, etc. Dreams Art
Fecha de publicación, distribución, etc. 2016
300 ## - DESCRIPCIÓN FÍSICA
Extensión 16 Paginas
Dimensiones 28 cm. x 21.9 cm.
336 ## - TIPO DE CONTENIDO
Fuente rdacontent
Término de tipo de contenido texto
Código de tipo de contenido txt
337 ## - TIPO DE MEDIO
Fuente rdamedia
Nombre/término del tipo de medio sin mediación
Código del tipo de medio n
338 ## - TIPO DE SOPORTE
Fuente rdacarrier
Nombre/término del tipo de soporte volumen
Código del tipo de soporte nc
490 0# - MENCIÓN DE SERIE
Mención de serie aprendamos a entrelazar
Designación de volumen o secuencia 1v
505 ## - NOTA DE CONTENIDO CON FORMATO
Nota de contenido con formato habilidad motriz fina en niños--libros de texto.
505 ## - NOTA DE CONTENIDO CON FORMATO
Nota de contenido con formato apreciación de los números--obras infantiles.
505 ## - NOTA DE CONTENIDO CON FORMATO
Nota de contenido con formato concepto de números--libros de juguetes.
650 ## - PUNTO DE ACCESO ADICIONAL DE MATERIA--TÉRMINO DE MATERIA
Fuente del encabezamiento o término CIENCIAS SOCIALES
650 ## - PUNTO DE ACCESO ADICIONAL DE MATERIA--TÉRMINO DE MATERIA
Fuente del encabezamiento o término EDUCACIÓN
650 ## - PUNTO DE ACCESO ADICIONAL DE MATERIA--TÉRMINO DE MATERIA
Fuente del encabezamiento o término EDUCACIÓN PRIMARIA
942 ## - ELEMENTOS DE PUNTO DE ACCESO ADICIONAL (KOHA)
Fuente del sistema de clasificación o colocación Dewey Decimal Classification
Tipo de ítem Koha General Infantil
Existencias
Estado de retiro Estado de pérdida Fuente del sistema de clasificación o colocación Estado dañado No para préstamo Localización permanente Ubicación/localización actual Fecha de adquisición Total de préstamos Signatura topográfica completa Fecha visto por última vez Número de copia Precio válido a partir de Tipo de ítem Koha
    Dewey Decimal Classification     BIBLIOTECA PÚBLICA CENTRAL ESTATAL “FRANCISCO CERVANTES” BIBLIOTECA PÚBLICA CENTRAL ESTATAL “FRANCISCO CERVANTES” 07/04/2026   I / 372.21 / H566 07/04/2026 EJ 1 07/04/2026 General Infantil